[Event "9th Vellmar Chess Days"]
[Site "chess24.com"]
[Date "2017.07.16"]
[Round "6"]
[White "Seepe, Uwe"]
[Black "Kanbach, Mike"]
[Result "0-1"]
[Board "47"]
[WhiteElo "1662"]
[WhiteCountry "GER"]
[WhiteFideId "12992585"]
[WhiteEloChange "-5"]
[BlackElo "1846"]
[BlackCountry "GER"]
[BlackFideId "12974536"]
[BlackEloChange "5"]

1. d4 {[%clk 1:30:30]} e6 {[%clk 1:30:30]} 2. Nf3 {[%clk 1:30:30]} Nf6 {[%clk
1:30:30]} 3. b3 {[%clk 1:30:30]} b6 {[%clk 1:30:30]} 4. e3 {[%clk 1:30:30]} Bb7
{[%clk 1:30:30]} 5. Bd3 {[%clk 1:30:30]} Be7 {[%clk 1:30:30]} 6. O-O {[%clk
1:30:30]} c5 {[%clk 1:30:30]} 7. Nbd2 {[%clk 1:30:30]} Nc6 {[%clk 1:30:30]} 8. a3
{[%clk 1:30:30]} d6 {[%clk 1:30:30]} 9. Bb2 {[%clk 1:30:30]} O-O {[%clk 1:30:30]}
10. dxc5 {[%clk 1:30:30]} bxc5 {[%clk 1:30:30]} 11. Ne4 {[%clk 1:30:30]} Nxe4
{[%clk 1:30:30]} 12. Bxe4 {[%clk 1:30:30]} d5 {[%clk 1:30:30]} 13. Bd3 {[%clk
1:30:30]} Bf6 {[%clk 1:30:30]} 14. c3 {[%clk 1:30:30]} e5 {[%clk 1:30:30]} 15.
Bc2 {[%clk 1:30:30]} e4 {[%clk 1:30:30]} 16. Nd2 {[%clk 1:30:30]} Ba6 {[%clk
1:30:30]} 17. f4 {[%clk 1:30:30]} Bxf1 {[%clk 1:30:30]} 18. Nxf1 {[%clk 1:30:30]}
Re8 {[%clk 1:30:30]} 19. Ng3 {[%clk 1:30:30]} g6 {[%clk 1:30:30]} 20. Qe2 {[%clk
1:30:30]} Ne7 {[%clk 1:30:30]} 21. Rd1 {[%clk 1:30:30]} Qc8 {[%clk 1:30:30]} 22.
Rd2 {[%clk 1:30:30]} Bg7 {[%clk 1:30:30]} 23. Qd1 {[%clk 1:30:30]} Qe6 {[%clk
1:30:30]} 24. Ba1 {[%clk 1:30:30]} Rad8 {[%clk 1:30:30]} 25. Kf2 {[%clk 1:30:30]}
f5 {[%clk 1:30:30]} 26. Ne2 {[%clk 1:30:30]} h6 {[%clk 1:30:30]} 27. Kg1 {[%clk
1:30:30]} Kh7 {[%clk 1:30:30]} 28. Kh1 {[%clk 1:30:30]} Nc6 {[%clk 1:30:30]} 29.
Kg1 {[%clk 1:30:30]} Re7 {[%clk 1:30:30]} 30. Kh1 {[%clk 1:30:30]} Rb7 {[%clk
1:30:30]} 31. Kg1 {[%clk 1:30:30]} Rbd7 {[%clk 1:30:30]} 32. Kh1 {[%clk 1:30:30]}
Na5 {[%clk 1:30:30]} 33. Kg1 {[%clk 1:30:30]} Nc6 {[%clk 1:30:30]} 34. Kh1 {[%clk
1:30:30]} Rd6 {[%clk 1:30:30]} 35. Kg1 {[%clk 1:30:30]} Qd7 {[%clk 1:30:30]} 36.
Kh1 {[%clk 1:30:30]} Ne7 {[%clk 1:30:30]} 37. Kg1 {[%clk 1:30:30]} Nc8 {[%clk
1:30:30]} 38. Kh1 {[%clk 1:30:30]} Nb6 {[%clk 1:30:30]} 39. Kg1 {[%clk 1:30:30]}
Na8 {[%clk 1:30:30]} 40. Kf2 {[%clk 1:30:30]} Nc7 {[%clk 1:30:30]} 41. a4 {[%clk
1:30:30]} Ne6 {[%clk 1:30:30]} 42. g3 {[%clk 1:30:30]} Qe7 {[%clk 1:30:30]} 43.
Bb2 {[%clk 1:30:30]} d4 {[%clk 1:30:30]} 44. cxd4 {[%clk 1:30:30]} Nxd4 {[%clk
1:30:30]} 45. Nxd4 {[%clk 1:30:30]} cxd4 {[%clk 1:30:30]} 46. Bxd4 {[%clk
1:30:30]} Qd7 {[%clk 1:30:30]} 47. Ke2 {[%clk 1:30:30]} Bxd4 {[%clk 1:30:30]} 48.
Rxd4 {[%clk 1:30:30]} Rxd4 {[%clk 1:30:30]} 49. exd4 {[%clk 1:30:30]} Qxd4 {[%clk
1:30:30]} 50. Qxd4 {[%clk 1:30:30]} Rxd4 {[%clk 1:30:30]} 51. Ke3 {[%clk
1:30:30]} Rd6 {[%clk 1:30:30]} 52. b4 {[%clk 1:30:30]} Kg7 {[%clk 1:30:30]} 53.
b5 {[%clk 1:30:30]} Kf6 {[%clk 1:30:30]} 54. h4 {[%clk 1:30:30]} g5 {[%clk
1:30:30]} 55. fxg5+ {[%clk 1:30:30]} hxg5 {[%clk 1:30:30]} 56. h5 {[%clk
1:30:30]} Ke5 {[%clk 1:30:30]} 57. a5 {[%clk 1:30:30]} f4+ {[%clk 1:30:30]} 58.
gxf4+ {[%clk 1:30:30]} gxf4+ {[%clk 1:30:30]} 59. Ke2 {[%clk 1:30:30]} Rh6 {[%clk
1:30:30]} 60. Ba4 {[%clk 1:30:30]} Rxh5 {[%clk 1:30:30]} 61. b6 {[%clk 1:30:30]}
axb6 {[%clk 1:30:30]} 62. axb6 {[%clk 1:30:30]} Rh2+ {[%clk 1:30:30]} 0-1

[Event "9th Vellmar Chess Days"]
[Site "chess24.com"]
[Date "2017.07.16"]
[Round "6"]
[White "Toval, David"]
[Black "Poelig, Juergen"]
[Result "0-1"]
[Board "48"]
[WhiteElo "1733"]
[WhiteCountry "GER"]
[WhiteFideId "12992755"]
[WhiteEloChange "-6"]
[BlackElo "1883"]
[BlackCountry "GER"]
[BlackFideId "24661686"]
[BlackEloChange "6"]

1. e4 {[%clk 1:30:30]} e6 {[%clk 1:30:30]} 2. d4 {[%clk 1:30:30]} d5 {[%clk
1:30:30]} 3. Nd2 {[%clk 1:30:30]} c5 {[%clk 1:30:30]} 4. exd5 {[%clk 1:30:30]}
exd5 {[%clk 1:30:30]} 5. Ngf3 {[%clk 1:30:30]} Nc6 {[%clk 1:30:30]} 6. Bb5 {[%clk
1:30:30]} Bd6 {[%clk 1:30:30]} 7. dxc5 {[%clk 1:30:30]} Bxc5 {[%clk 1:30:30]} 8.
O-O {[%clk 1:30:30]} Bg4 {[%clk 1:30:30]} 9. Nb3 {[%clk 1:30:30]} Bb6 {[%clk
1:30:30]} 10. Re1+ {[%clk 1:30:30]} Ne7 {[%clk 1:30:30]} 11. Be3 {[%clk 1:30:30]}
Bc7 {[%clk 1:30:30]} 12. Bc5 {[%clk 1:30:30]} O-O {[%clk 1:30:30]} 13. Bxc6
{[%clk 1:30:30]} Nxc6 {[%clk 1:30:30]} 14. Bxf8 {[%clk 1:30:30]} Kxf8 {[%clk
1:30:30]} 15. Qd3 {[%clk 1:30:30]} g6 {[%clk 1:30:30]} 16. Qc3 {[%clk 1:30:30]}
Kg8 {[%clk 1:30:30]} 17. a3 {[%clk 1:30:30]} Qd6 {[%clk 1:30:30]} 18. g3 {[%clk
1:30:30]} Bb6 {[%clk 1:30:30]} 19. Ne5 {[%clk 1:30:30]} d4 {[%clk 1:30:30]} 20.
Nc4 {[%clk 1:30:30]} Qf6 {[%clk 1:30:30]} 21. Qd2 {[%clk 1:30:30]} Bc7 {[%clk
1:30:30]} 22. Qd3 {[%clk 1:30:30]} Bf3 {[%clk 1:30:30]} 23. Ncd2 {[%clk 1:30:30]}
Bd5 {[%clk 1:30:30]} 24. Ne4 {[%clk 1:30:30]} Qg7 {[%clk 1:30:30]} 25. Qb5 {[%clk
1:30:30]} Rd8 {[%clk 1:30:30]} 26. Qxb7 {[%clk 1:30:30]} f5 {[%clk 1:30:30]} 27.
Nf6+ {[%clk 1:30:30]} Qxf6 {[%clk 1:30:30]} 28. Qxc7 {[%clk 1:30:30]} d3 {[%clk
1:30:30]} 29. Rac1 {[%clk 1:30:30]} Bxb3 {[%clk 1:30:30]} 30. cxd3 {[%clk
1:30:30]} Bd5 {[%clk 1:30:30]} 31. Re7 {[%clk 1:30:30]} Qxe7 {[%clk 1:30:30]} 0-1

[Event "9th Vellmar Chess Days"]
[Site "chess24.com"]
[Date "2017.07.16"]
[Round "6"]
[White "Zaerban, Jan Christopher"]
[Black "Rehbein, Ullrich"]
[Result "1-0"]
[Board "49"]
[WhiteElo "1890"]
[WhiteCountry "GER"]
[WhiteFideId "4660277"]
[WhiteEloChange "7"]
[BlackElo "1788"]
[BlackCountry "GER"]
[BlackFideId "4681037"]
[BlackEloChange "-7"]

1. Nf3 {[%clk 1:30:30]} Nf6 {[%clk 1:30:30]} 2. c4 {[%clk 1:30:30]} g6 {[%clk
1:30:30]} 3. Nc3 {[%clk 1:30:30]} Bg7 {[%clk 1:30:30]} 4. e4 {[%clk 1:30:30]} O-O
{[%clk 1:30:30]} 5. d4 {[%clk 1:30:30]} c5 {[%clk 1:30:30]} 6. d5 {[%clk
1:30:30]} d6 {[%clk 1:30:30]} 7. h3 {[%clk 1:30:30]} Na6 {[%clk 1:30:30]} 8. Bd3
{[%clk 1:30:30]} Rb8 {[%clk 1:30:30]} 9. O-O {[%clk 1:30:30]} Nc7 {[%clk
1:30:30]} 10. Re1 {[%clk 1:30:30]} a6 {[%clk 1:30:30]} 11. a4 {[%clk 1:30:30]} e5
{[%clk 1:30:30]} 12. Be3 {[%clk 1:30:30]} Nh5 {[%clk 1:30:30]} 13. Qc1 {[%clk
1:30:30]} f5 {[%clk 1:30:30]} 14. Bg5 {[%clk 1:30:30]} Qe8 {[%clk 1:30:30]} 15.
exf5 {[%clk 1:30:30]} gxf5 {[%clk 1:30:30]} 16. Nh4 {[%clk 1:30:30]} Qf7 {[%clk
1:30:30]} 17. Ra3 {[%clk 1:30:30]} Bd7 {[%clk 1:30:30]} 18. Rb3 {[%clk 1:30:30]}
e4 {[%clk 1:30:30]} 19. Be2 {[%clk 1:30:30]} Nf6 {[%clk 1:30:30]} 20. Bf4 {[%clk
1:30:30]} Qe7 {[%clk 1:30:30]} 21. Rb6 {[%clk 1:30:30]} Nfe8 {[%clk 1:30:30]} 22.
g3 {[%clk 1:30:30]} Na8 {[%clk 1:30:30]} 23. Rb3 {[%clk 1:30:30]} b6 {[%clk
1:30:30]} 24. Bh5 {[%clk 1:30:30]} Nac7 {[%clk 1:30:30]} 25. f3 {[%clk 1:30:30]}
Nf6 {[%clk 1:30:30]} 26. Bg5 {[%clk 1:30:30]} h6 {[%clk 1:30:30]} 27. Ng6 {[%clk
1:30:30]} Qf7 {[%clk 1:30:30]} 28. Bxf6 {[%clk 1:30:30]} Qxf6 {[%clk 1:30:30]}
29. Nxf8 {[%clk 1:30:30]} Rxf8 {[%clk 1:30:30]} 30. Rxb6 {[%clk 1:30:30]} e3
{[%clk 1:30:30]} 31. Qxe3 {[%clk 1:30:30]} Be8 {[%clk 1:30:30]} 32. Bxe8 {[%clk
1:30:30]} Rxe8 {[%clk 1:30:30]} 33. Qd2 {[%clk 1:30:30]} Qd4+ {[%clk 1:30:30]}
34. Qxd4 {[%clk 1:30:30]} Rxe1+ {[%clk 1:30:30]} 35. Kf2 {[%clk 1:30:30]} cxd4
{[%clk 1:30:30]} 36. Kxe1 {[%clk 1:30:30]} dxc3 {[%clk 1:30:30]} 37. bxc3 {[%clk
1:30:30]} Bxc3+ {[%clk 1:30:30]} 38. Ke2 {[%clk 1:30:30]} Kf8 {[%clk 1:30:30]}
39. Rxd6 {[%clk 1:30:30]} Be5 {[%clk 1:30:30]} 40. Rxh6 {[%clk 1:30:30]} Bxg3
{[%clk 1:30:30]} 41. Rf6+ {[%clk 1:30:30]} Ke7 {[%clk 1:30:30]} 42. Rxf5 {[%clk
1:30:30]} 1-0

[Event "9th Vellmar Chess Days"]
[Site "chess24.com"]
[Date "2017.07.16"]
[Round "6"]
[White "Geisler, Reinhard"]
[Black "von Lossow, Marcus"]
[Result "1/2-1/2"]
[Board "50"]
[WhiteElo "1835"]
[WhiteCountry "GER"]
[WhiteFideId "4679733"]
[WhiteEloChange "-2"]
[BlackElo "1781"]
[BlackCountry "GER"]
[BlackFideId "12942090"]
[BlackEloChange "2"]

1. d4 {[%clk 1:30:30]} d5 {[%clk 1:30:30]} 2. Bf4 {[%clk 1:30:30]} Nf6 {[%clk
1:30:30]} 3. e3 {[%clk 1:30:30]} c6 {[%clk 1:30:30]} 4. Bd3 {[%clk 1:30:30]} e6
{[%clk 1:30:30]} 5. Nf3 {[%clk 1:30:30]} Bd6 {[%clk 1:30:30]} 6. Bxd6 {[%clk
1:30:30]} Qxd6 {[%clk 1:30:30]} 7. O-O {[%clk 1:30:30]} Nbd7 {[%clk 1:30:30]} 8.
c4 {[%clk 1:30:30]} e5 {[%clk 1:30:30]} 9. dxe5 {[%clk 1:30:30]} Nxe5 {[%clk
1:30:30]} 10. Nxe5 {[%clk 1:30:30]} Qxe5 {[%clk 1:30:30]} 11. Nc3 {[%clk
1:30:30]} Ng4 {[%clk 1:30:30]} 12. g3 {[%clk 1:30:30]} dxc4 {[%clk 1:30:30]} 13.
Bxc4 {[%clk 1:30:30]} Qg5 {[%clk 1:30:30]} 14. Ne4 {[%clk 1:30:30]} Qh6 {[%clk
1:30:30]} 15. Nd6+ {[%clk 1:30:30]} Kf8 {[%clk 1:30:30]} 16. h4 {[%clk 1:30:30]}
Ne5 {[%clk 1:30:30]} 17. Nxc8 {[%clk 1:30:30]} Rxc8 {[%clk 1:30:30]} 18. Be2
{[%clk 1:30:30]} g5 {[%clk 1:30:30]} 19. f4 {[%clk 1:30:30]} gxh4 {[%clk
1:30:30]} 20. g4 {[%clk 1:30:30]} Nxg4 {[%clk 1:30:30]} 21. Bxg4 {[%clk 1:30:30]}
Rg8 {[%clk 1:30:30]} 22. Kh2 {[%clk 1:30:30]} Qf6 {[%clk 1:30:30]} 23. Rg1 {[%clk
1:30:30]} Re8 {[%clk 1:30:30]} 24. Qe2 {[%clk 1:30:30]} Qe7 {[%clk 1:30:30]} 25.
Rae1 {[%clk 1:30:30]} Qc5 {[%clk 1:30:30]} 26. Bf3 {[%clk 1:30:30]} Re6 {[%clk
1:30:30]} 27. Rxg8+ {[%clk 1:30:30]} Kxg8 {[%clk 1:30:30]} 28. Rg1+ {[%clk
1:30:30]} Kf8 {[%clk 1:30:30]} 29. e4 {[%clk 1:30:30]} Qd6 {[%clk 1:30:30]} 30.
e5 {[%clk 1:30:30]} Qd4 {[%clk 1:30:30]} 31. Rg4 {[%clk 1:30:30]} Rg6 {[%clk
1:30:30]} 32. Rxg6 {[%clk 1:30:30]} Qxf4+ {[%clk 1:30:30]} 33. Kh1 {[%clk
1:30:30]} hxg6 {[%clk 1:30:30]} 34. Bg2 {[%clk 1:30:30]} Qc1+ {[%clk 1:30:30]}
35. Kh2 {[%clk 1:30:30]} Qf4+ {[%clk 1:30:30]} 36. Kg1 {[%clk 1:30:30]} Qc1+
{[%clk 1:30:30]} 1/2-1/2

[Event "9th Vellmar Chess Days"]
[Site "chess24.com"]
[Date "2017.07.16"]
[Round "6"]
[White "Luke, Niko"]
[Black "Reitz, Theresa"]
[Result "0-1"]
[Board "51"]
[WhiteElo "1823"]
[WhiteCountry "GER"]
[WhiteFideId "16205553"]
[WhiteEloChange "-13"]
[BlackElo "1706"]
[BlackCountry "GER"]
[BlackFideId "12971901"]
[BlackEloChange "13"]

1. d4 {[%clk 1:30:30]} Nf6 {[%clk 1:30:30]} 2. c4 {[%clk 1:30:30]} g6 {[%clk
1:30:30]} 3. f3 {[%clk 1:30:30]} d5 {[%clk 1:30:30]} 4. cxd5 {[%clk 1:30:30]}
Nxd5 {[%clk 1:30:30]} 5. e4 {[%clk 1:30:30]} Nb6 {[%clk 1:30:30]} 6. Be3 {[%clk
1:30:30]} Bg7 {[%clk 1:30:30]} 7. Nc3 {[%clk 1:30:30]} O-O {[%clk 1:30:30]} 8.
Qd2 {[%clk 1:30:30]} Nc6 {[%clk 1:30:30]} 9. O-O-O {[%clk 1:30:30]} e5 {[%clk
1:30:30]} 10. d5 {[%clk 1:30:30]} Nd4 {[%clk 1:30:30]} 11. f4 {[%clk 1:30:30]}
Bg4 {[%clk 1:30:30]} 12. Re1 {[%clk 1:30:30]} c5 {[%clk 1:30:30]} 13. h3 {[%clk
1:30:30]} Bd7 {[%clk 1:30:30]} 14. fxe5 {[%clk 1:30:30]} Bxe5 {[%clk 1:30:30]}
15. Nf3 {[%clk 1:30:30]} Nxf3 {[%clk 1:30:30]} 16. gxf3 {[%clk 1:30:30]} Qe7
{[%clk 1:30:30]} 17. h4 {[%clk 1:30:30]} h5 {[%clk 1:30:30]} 18. f4 {[%clk
1:30:30]} Bxc3 {[%clk 1:30:30]} 19. bxc3 {[%clk 1:30:30]} Qxe4 {[%clk 1:30:30]}
20. Bg2 {[%clk 1:30:30]} Qc4 {[%clk 1:30:30]} 21. Qe2 {[%clk 1:30:30]} Qxc3+
{[%clk 1:30:30]} 22. Qc2 {[%clk 1:30:30]} Qa3+ {[%clk 1:30:30]} 23. Kd2 {[%clk
1:30:30]} Qb4+ {[%clk 1:30:30]} 24. Ke2 {[%clk 1:30:30]} Rfe8 {[%clk 1:30:30]}
25. Kf2 {[%clk 1:30:30]} Nc4 {[%clk 1:30:30]} 26. Bc1 {[%clk 1:30:30]} Bf5 {[%clk
1:30:30]} 27. Be4 {[%clk 1:30:30]} Nd6 {[%clk 1:30:30]} 28. Bxf5 {[%clk 1:30:30]}
Nxf5 {[%clk 1:30:30]} 29. Reg1 {[%clk 1:30:30]} Qd4+ {[%clk 1:30:30]} 30. Kf1
{[%clk 1:30:30]} Qxd5 {[%clk 1:30:30]} 0-1

[Event "9th Vellmar Chess Days"]
[Site "chess24.com"]
[Date "2017.07.16"]
[Round "6"]
[White "Schulze, Nick"]
[Black "Sakhra, Roman"]
[Result "1/2-1/2"]
[Board "52"]
[WhiteElo "1790"]
[WhiteCountry "GER"]
[WhiteFideId "16212312"]
[WhiteEloChange "-7"]
[BlackElo "1472"]
[BlackCountry "GER"]
[BlackFideId "16227590"]
[BlackEloChange "7"]

1. e4 {[%clk 1:30:30]} e5 {[%clk 1:30:30]} 2. d4 {[%clk 1:30:30]} exd4 {[%clk
1:30:30]} 3. Qxd4 {[%clk 1:30:30]} Nc6 {[%clk 1:30:30]} 4. Qe3 {[%clk 1:30:30]}
d6 {[%clk 1:30:30]} 5. Nc3 {[%clk 1:30:30]} Nf6 {[%clk 1:30:30]} 6. f3 {[%clk
1:30:30]} Be7 {[%clk 1:30:30]} 7. Bd2 {[%clk 1:30:30]} Be6 {[%clk 1:30:30]} 8.
Bb5 {[%clk 1:30:30]} O-O {[%clk 1:30:30]} 9. Nge2 {[%clk 1:30:30]} a6 {[%clk
1:30:30]} 10. Bxc6 {[%clk 1:30:30]} bxc6 {[%clk 1:30:30]} 11. Nd4 {[%clk
1:30:30]} Bd7 {[%clk 1:30:30]} 12. g4 {[%clk 1:30:30]} d5 {[%clk 1:30:30]} 13. e5
{[%clk 1:30:30]} Bc5 {[%clk 1:30:30]} 14. O-O-O {[%clk 1:30:30]} Ne8 {[%clk
1:30:30]} 15. h4 {[%clk 1:30:30]} Rb8 {[%clk 1:30:30]} 16. h5 {[%clk 1:30:30]} h6
{[%clk 1:30:30]} 17. Qd3 {[%clk 1:30:30]} Qe7 {[%clk 1:30:30]} 18. Rde1 {[%clk
1:30:30]} Bxd4 {[%clk 1:30:30]} 19. Qxd4 {[%clk 1:30:30]} a5 {[%clk 1:30:30]} 20.
Qa7 {[%clk 1:30:30]} Qb4 {[%clk 1:30:30]} 21. Nd1 {[%clk 1:30:30]} Qb6 {[%clk
1:30:30]} 22. Qxa5 {[%clk 1:30:30]} Qxa5 {[%clk 1:30:30]} 23. Bxa5 {[%clk
1:30:30]} c5 {[%clk 1:30:30]} 24. Bd2 {[%clk 1:30:30]} c6 {[%clk 1:30:30]} 25. g5
{[%clk 1:30:30]} hxg5 {[%clk 1:30:30]} 26. Bxg5 {[%clk 1:30:30]} Kh7 {[%clk
1:30:30]} 27. Be7 {[%clk 1:30:30]} Rh8 {[%clk 1:30:30]} 28. Bxc5 {[%clk 1:30:30]}
Nc7 {[%clk 1:30:30]} 29. Bd6 {[%clk 1:30:30]} Rb7 {[%clk 1:30:30]} 30. Bxc7
{[%clk 1:30:30]} Rxc7 {[%clk 1:30:30]} 31. Ne3 {[%clk 1:30:30]} Re8 {[%clk
1:30:30]} 32. f4 {[%clk 1:30:30]} Ra7 {[%clk 1:30:30]} 33. a3 {[%clk 1:30:30]}
Ra4 {[%clk 1:30:30]} 34. Rh4 {[%clk 1:30:30]} Rxe5 {[%clk 1:30:30]} 35. Kd2
{[%clk 1:30:30]} Ree4 {[%clk 1:30:30]} 36. Ng2 {[%clk 1:30:30]} Rxe1 {[%clk
1:30:30]} 37. Nxe1 {[%clk 1:30:30]} Kh6 {[%clk 1:30:30]} 38. Nd3 {[%clk 1:30:30]}
f6 {[%clk 1:30:30]} 39. Nc5 {[%clk 1:30:30]} Ra7 {[%clk 1:30:30]} 40. Nxd7 {[%clk
1:30:30]} Rxd7 {[%clk 1:30:30]} 41. Kd3 {[%clk 1:30:30]} Rb7 {[%clk 1:30:30]} 42.
b3 {[%clk 1:30:30]} c5 {[%clk 1:30:30]} 43. Ke3 {[%clk 1:30:30]} Re7+ {[%clk
1:30:30]} 44. Kf3 {[%clk 1:30:30]} Re1 {[%clk 1:30:30]} 45. Rh2 {[%clk 1:30:30]}
Rf1+ {[%clk 1:30:30]} 46. Kg4 {[%clk 1:30:30]} Ra1 {[%clk 1:30:30]} 47. a4 {[%clk
1:30:30]} c4 {[%clk 1:30:30]} 48. Rd2 {[%clk 1:30:30]} Ra2 {[%clk 1:30:30]} 49.
Rxd5 {[%clk 1:30:30]} Rxc2 {[%clk 1:30:30]} 50. bxc4 {[%clk 1:30:30]} Rxc4 {[%clk
1:30:30]} 51. Ra5 {[%clk 1:30:30]} Rc1 {[%clk 1:30:30]} 52. Ra8 {[%clk 1:30:30]}
Kh7 {[%clk 1:30:30]} 53. a5 {[%clk 1:30:30]} g6 {[%clk 1:30:30]} 54. hxg6+ {[%clk
1:30:30]} Kxg6 {[%clk 1:30:30]} 55. a6 {[%clk 1:30:30]} Rg1+ {[%clk 1:30:30]} 56.
Kf3 {[%clk 1:30:30]} Kf5 {[%clk 1:30:30]} 57. a7 {[%clk 1:30:30]} Ra1 {[%clk
1:30:30]} 58. Ke3 {[%clk 1:30:30]} Ra4 {[%clk 1:30:30]} 59. Rh8 {[%clk 1:30:30]}
1/2-1/2

[Event "9th Vellmar Chess Days"]
[Site "chess24.com"]
[Date "2017.07.16"]
[Round "7"]
[White "Meijers, Viesturs"]
[Black "Chandler, Patrick"]
[Result "1-0"]
[Board "1"]
[WhiteElo "2472"]
[WhiteTitle "GM"]
[WhiteCountry "LAT"]
[WhiteFideId "11600314"]
[WhiteEloChange "2"]
[BlackElo "2206"]
[BlackCountry "GER"]
[BlackFideId "4624041"]
[BlackEloChange "-4"]

1. c4 {[%clk 1:30:54]} e5 {[%clk 1:30:44]} 2. b3 {[%clk 1:31:18]} Nc6 {[%clk
1:30:32]} 3. Bb2 {[%clk 1:31:43]} Nf6 {[%clk 1:29:42]} 4. g3 {[%clk 1:31:43]} d5
{[%clk 1:28:11]} 5. cxd5 {[%clk 1:32:08]} Nxd5 {[%clk 1:27:45]} 6. Bg2 {[%clk
1:32:29]} Bc5 {[%clk 1:26:52]} 7. a3 {[%clk 1:30:32]} f6 {[%clk 1:26:03]} 8. e3
{[%clk 1:27:06]} Be6 {[%clk 1:25:25]} 9. Ne2 {[%clk 1:26:01]} Bb6 {[%clk
1:25:03]} 10. Nbc3 {[%clk 1:13:49]} Qd7 {[%clk 1:22:03]} 11. h4 {[%clk 1:10:06]}
Nxc3 {[%clk 1:20:11]} 12. Bxc3 {[%clk 1:07:14]} Rd8 {[%clk 1:19:47]} 13. b4
{[%clk 1:04:14]} Bd5 {[%clk 1:18:48]} 14. Bxd5 {[%clk 0:54:39]} Qxd5 {[%clk
1:17:35]} 15. O-O {[%clk 0:54:17]} O-O {[%clk 1:17:35]} 16. Rb1 {[%clk 0:52:54]}
Qe4 {[%clk 1:12:55]} 17. b5 {[%clk 0:49:29]} Ne7 {[%clk 1:13:00]} 18. Bb4 {[%clk
0:45:26]} Rfe8 {[%clk 1:12:02]} 19. a4 {[%clk 0:45:37]} c5 {[%clk 1:11:05]} 20.
a5 {[%clk 0:39:03]} cxb4 {[%clk 1:10:29]} 21. axb6 {[%clk 0:39:09]} axb6 {[%clk
1:10:24]} 22. Qb3+ {[%clk 0:39:34]} Kh8 {[%clk 1:10:02]} 23. Rb2 {[%clk 0:29:57]}
Qg4 {[%clk 1:05:28]} 24. f3 {[%clk 0:27:06]} Qd7 {[%clk 1:05:28]} 25. Qxb4 {[%clk
0:27:06]} f5 {[%clk 1:02:33]} 26. Qb3 {[%clk 0:19:33]} Nd5 {[%clk 1:02:21]} 27.
f4 {[%clk 0:17:50]} Nf6 {[%clk 1:01:33]} 28. fxe5 {[%clk 0:08:04]} Rxe5 {[%clk
1:01:57]} 29. Rf3 {[%clk 0:08:32]} Ne4 {[%clk 1:00:48]} 30. d4 {[%clk 0:08:50]}
Re7 {[%clk 0:59:18]} 31. Nf4 {[%clk 0:08:23]} g6 {[%clk 0:58:55]} 32. Kg2 {[%clk
0:07:58]} Nf6 {[%clk 0:58:03]} 33. Rc2 {[%clk 0:08:05]} Ng4 {[%clk 0:57:40]} 34.
Kg1 {[%clk 0:06:32]} Kg7 {[%clk 0:57:04]} 35. Rc3 {[%clk 0:05:44]} Kh6 {[%clk
0:55:32]} 36. Rf1 {[%clk 0:05:32]} Qd6 {[%clk 0:54:26]} 37. Rf3 {[%clk 0:05:51]}
Rde8 {[%clk 0:52:55]} 38. Nd5 {[%clk 0:04:51]} Rd7 {[%clk 0:52:53]} 39. Nf4
{[%clk 0:05:16]} Qe7 {[%clk 0:52:10]} 40. Qb1 {[%clk 0:04:49]} Nf6 {[%clk
0:51:17]} 41. Qc2 {[%clk 0:00:54]} Ne4 {[%clk 0:51:02]} 42. Rc8 {[%clk 0:29:32]}
Rxc8 {[%clk 1:20:31]} 43. Qxc8 {[%clk 0:29:32]} Nd6 {[%clk 1:20:45]} 44. Qc3
{[%clk 0:24:01]} Rc7 {[%clk 1:17:44]} 45. Qd3 {[%clk 0:22:41]} Ne4 {[%clk
1:17:10]} 46. Nd5 {[%clk 0:22:45]} Rc1+ {[%clk 1:15:53]} 47. Rf1 {[%clk 0:23:00]}
Qd6 {[%clk 1:15:29]} 48. Nf4 {[%clk 0:21:30]} Rc3 {[%clk 1:14:15]} 49. Qe2 {[%clk
0:21:41]} Nxg3 {[%clk 1:12:04]} 50. Qe1 {[%clk 0:21:48]} Ne4 {[%clk 1:12:06]} 51.
Ng2 {[%clk 0:21:50]} Rc2 {[%clk 1:11:38]} 52. Qd1 {[%clk 0:21:59]} Rxg2+ {[%clk
1:10:05]} 53. Kxg2 {[%clk 0:22:04]} Qg3+ {[%clk 1:10:27]} 54. Kh1 {[%clk
0:22:30]} Qxh4+ {[%clk 1:10:28]} 55. Kg1 {[%clk 0:22:53]} Qg3+ {[%clk 1:09:15]}
56. Kh1 {[%clk 0:23:17]} Qh3+ {[%clk 1:09:07]} 57. Kg1 {[%clk 0:23:43]} Qxe3+
{[%clk 1:08:25]} 58. Kg2 {[%clk 0:24:07]} Qg3+ {[%clk 1:07:59]} 59. Kh1 {[%clk
0:24:33]} Nf2+ {[%clk 1:05:22]} 60. Rxf2 {[%clk 0:24:54]} Qxf2 {[%clk 1:05:24]}
61. d5 {[%clk 0:25:19]} Qh4+ {[%clk 1:03:23]} 62. Kg2 {[%clk 0:25:27]} Qe4+
{[%clk 1:02:47]} 63. Kg1 {[%clk 0:25:38]} Qe7 {[%clk 1:01:22]} 64. d6 {[%clk
0:26:01]} Qd7 {[%clk 1:00:25]} 65. Qd4 {[%clk 0:26:18]} Kg5 {[%clk 0:59:49]} 66.
Qe5 {[%clk 0:26:13]} Kg4 {[%clk 0:58:48]} 67. Qe7 {[%clk 0:25:26]} Qxb5 {[%clk
0:58:44]} 68. d7 {[%clk 0:25:46]} Kf3 {[%clk 0:57:14]} 69. Qa3+ {[%clk 0:25:27]}
Kg4 {[%clk 0:55:30]} 70. d8Q {[%clk 0:24:50]} Qb1+ {[%clk 0:55:02]} 71. Kf2
{[%clk 0:24:50]} Qc2+ {[%clk 0:55:11]} 72. Ke1 {[%clk 0:24:50]} Qe4+ {[%clk
0:55:14]} 73. Kd1 {[%clk 0:24:58]} Qh1+ {[%clk 0:53:36]} 74. Kc2 {[%clk 0:25:06]}
Qc6+ {[%clk 0:53:13]} 75. Qc3 {[%clk 0:25:20]} h5 {[%clk 0:52:49]} 76. Qxc6
{[%clk 0:25:05]} bxc6 {[%clk 0:52:59]} 77. Kd2 {[%clk 0:25:28]} h4 {[%clk
0:52:57]} 78. Ke2 {[%clk 0:25:52]} g5 {[%clk 0:52:26]} 79. Kf2 {[%clk 0:26:15]}
b5 {[%clk 0:52:13]} 80. Qd1+ {[%clk 0:26:35]} Kf4 {[%clk 0:52:28]} 81. Qd4#
{[%clk 0:26:58]} 1-0